[Event "ARM-ch Rapid 2019"]
[Site "Yerevan"]
[Date "2019.01.22"]
[Round "2.5"]
[White "Yegiazarian, Arsen"]
[Black "Davtyan, Artur"]
[Result "0-1"]
[WhiteElo "2399"]
[BlackElo "2396"]
[PlyCount "82"]
[EventDate "2019.01.22"]
[EventType "tourn"]
[EventCountry "ARM"]
[TimeControl "40/5400+30:1800+30"]
[WhiteClock "0:06:43"]
[BlackClock "0:00:30"]

1. e4 {[%emt 1:15:12]} e5 {[%emt 1:15:11]} 2. Nf3 {[%emt 0:00:24]} Nc6 {[%emt 0:00:22]} 3. Bb5 {[%emt 0:00:23]} a6 {[%emt 0:00:21]} 4. Ba4 {[%emt 0:00:23]} Nf6 {[%emt 0:00:22]} 5. d3 {[%emt 0:00:24]} Bc5 {[%emt 0:00:45]} 6. O-O {[%emt 0:00:32]} d6 {[%emt 0:00:22]} 7. c3 {[%emt 0:00:46]} b5 {[%emt 0:00:22]} 8. Bc2 {[%emt 0:00:37]} h6 {[%emt 0:00:30]} 9. h3 {[%emt 0:00:40]} O-O {[%emt 0:00:22]} 10. a4 {[%emt 0:00:26]} Bb7 {[%emt 0:00:25]} 11. Nbd2 {[%emt 0:00:42]} Bb6 {[%emt 0:00:33]} 12. Re1 {[%emt 0:00:32]} Ne7 {[%emt 0:00:34]} 13. b4 {[%emt 0:00:48]} Ng6 {[%emt 0:00:37]} 14. Nb3 {[%emt 0:00:32]} d5 {[%emt 0:01:30]} 15. a5 {[%emt 0:04:29]} Ba7 {[%emt 0:00:28]} 16. Be3 {[%emt 0:00:31]} dxe4 {[%emt 0:01:12]} 17. dxe4 {[%emt 0:00:22]} Bxe3 {[%emt 0:00:31]} 18. Rxe3 {[%emt 0:00:27]} Qe7 {[%emt 0:00:27]} 19. Nc5 {[%emt 0:00:31]} Bc6 {[%emt 0:00:21]} 20. Qf1 {[%emt 0:02:49]} Nd7 {[%emt 0:00:32]} 21. Nxd7 {[%emt 0:00:22]} Bxd7 {[%emt 0:00:22]} 22. Ne1 {[%emt 0:02:25]} Be6 {[%emt 0:01:00]} 23. Nd3 {[%emt 0:00:39]} Bc4 {[%emt 0:00:24]} 24. Qe1 {[%emt 0:00:24]} Bxd3 {[%emt 0:00:29]} 25. Bxd3 {[%emt 0:01:39]} c5 {[%emt 0:00:20]} 26. g3 {[%emt 0:00:38]} Rfd8 {[%emt 0:00:27]} 27. Rb1 {[%emt 0:01:03]} cxb4 {[%emt 0:03:12]} 28. Rxb4 {[%emt 0:01:08]} Rac8 {[%emt 0:01:03]} 29. Bc2 {[%emt 0:01:06]} Rc5 {[%emt 0:01:03]} 30. Bb3 {[%emt 0:01:08]} Qc7 {[%emt 0:00:30]} 31. Rf3 {[%emt 0:01:13]} Rd7 {[%emt 0:00:49]} 32. Kg2 {[%emt 0:00:36]} Qxa5 {[%emt 0:00:48]} 33. Bd5 {[%emt 0:00:42]} Nf8 {[%emt 0:01:45]} 34. Qb1 {[%emt 0:00:29]} Nh7 {[%emt 0:00:40]} 35. c4 {[%emt 0:00:44]} Nf6 {[%emt 0:00:55]} 36. cxb5 {[%emt 0:00:40]} axb5 {[%emt 0:00:33]} 37. Rxf6 {[%emt 0:01:09]} gxf6 {[%emt 0:00:35]} 38. Rb3 {[%emt 0:00:23]} Qd2 {[%emt 0:00:29]} 39. Rf3 {[%emt 0:00:23]} Rc1 {[%emt 0:01:38]} 40. Qxb5 {[%emt 0:00:30]} Qe1 {[%emt 0:00:30]} 41. Bxf7+ {[%emt 0:31:09]} Rxf7 {[%emt 0:30:28]} 0-1

[Event "ARM-ch Rapid 2019"]
[Site "Yerevan"]
[Date "2019.01.22"]
[Round "2.6"]
[White "Gaboyan, Susanna"]
[Black "Chibukhchian, Artur"]
[Result "0-1"]
[WhiteElo "2111"]
[BlackElo "2384"]
[PlyCount "62"]
[EventDate "2019.01.22"]
[EventType "tourn"]
[EventCountry "ARM"]
[TimeControl "40/5400+30:1800+30"]
[WhiteClock "0:00:31"]
[BlackClock "0:02:05"]

1. Nf3 {[%emt 1:15:13]} d5 {[%emt 1:15:12]} 2. g3 {[%emt 0:00:24]} c5 {[%emt 0:00:22]} 3. Bg2 {[%emt 0:00:22]} Nf6 {[%emt 0:00:22]} 4. O-O {[%emt 0:00:23]} g6 {[%emt 0:00:25]} 5. d4 {[%emt 0:00:24]} cxd4 {[%emt 0:00:37]} 6. Nxd4 {[%emt 0:00:22]} Bg7 {[%emt 0:00:24]} 7. Nc3 {[%emt 0:00:25]} O-O {[%emt 0:00:37]} 8. Nb3 {[%emt 0:00:24]} e6 {[%emt 0:00:59]} 9. e4 {[%emt 0:00:26]} dxe4 {[%emt 0:01:22]} 10. Nxe4 {[%emt 0:00:24]} Nxe4 {[%emt 0:01:05]} 11. Bxe4 {[%emt 0:00:24]} Qc7 {[%emt 0:00:50]} 12. Qe2 {[%emt 0:01:37]} Nd7 {[%emt 0:02:26]} 13. c3 {[%emt 0:00:56]} Nf6 {[%emt 0:00:40]} 14. Bg2 {[%emt 0:01:18]} e5 {[%emt 0:00:22]} 15. Bg5 {[%emt 0:02:02]} Bg4 {[%emt 0:00:31]} 16. Qb5 {[%emt 0:00:34]} Rab8 {[%emt 0:01:15]} 17. h3 {[%emt 0:00:31]} Bf5 {[%emt 0:03:45]} 18. Rfe1 {[%emt 0:03:00]} h6 {[%emt 0:00:22]} 19. Be3 {[%emt 0:00:59]} b6 {[%emt 0:00:21]} 20. c4 {[%emt 0:02:04]} Bd3 {[%emt 0:01:05]} 21. Rac1 {[%emt 0:01:15]} Rbc8 {[%emt 0:00:45]} 22. Qb4 {[%emt 0:01:18]} Rfd8 {[%emt 0:01:24]} 23. c5 {[%emt 0:00:29]} Qe7 {[%emt 0:01:43]} 24. Qa4 {[%emt 0:01:06]} b5 {[%emt 0:00:44]} 25. Qa5 {[%emt 0:00:30]} Nd5 {[%emt 0:00:50]} 26. c6 {[%emt 0:02:14]} Nxe3 {[%emt 0:00:48]} 27. Rxe3 {[%emt 0:00:23]} e4 {[%emt 0:00:35]} 28. Nc5 {[%emt 0:02:01]} Bd4 {[%emt 0:03:30]} 29. Rxd3 {[%emt 0:00:24]} exd3 {[%emt 0:00:36]} 30. Nxd3 {[%emt 0:00:23]} Qe2 {[%emt 0:00:37]} 31. Qxb5 {[%emt 0:01:10]} Bxf2+ {[%emt 0:00:25]} 0-1

[Event "ARM-ch Rapid 2019"]
[Site "Yerevan"]
[Date "2019.01.22"]
[Round "2.7"]
[White "Babujian, Levon"]
[Black "Vardanyan, Haik A."]
[Result "1-0"]
[WhiteElo "2488"]
[BlackElo "1953"]
[Annotator "TA"]
[PlyCount "151"]
[EventDate "2019.01.22"]
[EventType "tourn"]
[EventCountry "ARM"]

{[%evp 24,151,0,0,8,8,5,1,13,14,5,1,3,0,3,0,12,7,18,7,18,18,12,16,18,18,18,17,24,14,19,17,31,0,0,0,0,0,0,0,0,0,0,0,0,0,0,0,0,0,0,0,0,0,0,0,8,8,8,8,8,8,8,8,8,8,8,8,8,8,8,8,54,12,12,12,12,12,108,33,83,83,82,8,40,34,34,34,41,41,41,41,41,0,41,41,41,41,41,41,86,8,8,8,8,8,8,8,8,8,8,8,8,8,8,10,29966,29968,29973,5501,29974,29975,29974,29974,29974,29974,29983,29975,29974,29968]} 1. d4 e6 2. c4 d5 3. Nc3 Nf6 4. Nf3 Be7 5. Bg5 O-O 6. e3 h6 7. Bh4 b6 8. cxd5 Nxd5 9. Bxe7 Qxe7 10. Nxd5 exd5 11. Rc1 Be6 12. Qa4 c5 {D59: Queen's Gambit Declined: Tartakower Defence: Main line (8 cxd5 Nxd5)} 13. Qa3 {[%cal Rd4c5] LiveBook: 92 Games} Nd7 14. Bb5 Rfc8 {The position is equal.} 15. O-O Kf8 16. dxc5 bxc5 17. Bxd7 Bxd7 18. Rfd1 Be6 $1 {[#]} 19. h3 $146 ({Predecessor:} 19. Rc3 Rc7 20. Rdc1 Rac8 21. Nd4 Bd7 {½-½ (80) Nakamura,H (2787)-Harikrishna,P (2763) chess.com INT 2016}) 19... Rab8 20. Rd2 Rc7 21. b3 c4 22. Qxe7+ Kxe7 23. Nd4 a5 24. Rdc2 Rbc8 25. Kf1 Kd7 26. Ke2 cxb3 27. Rxc7+ Rxc7 28. Rxc7+ (28. Nxb3 {with more complications.} Rxc1 29. Nxc1 Kd6 30. Kd3 Bd7 31. Kd4) 28... Kxc7 29. axb3 $11 {[%mdl 4096] Endgame KB-KN} Kd6 30. Kd3 Kc5 31. Kc3 Bd7 32. Nf3 Bb5 33. h4 f6 34. Nd4 Bd7 35. f3 Bc8 36. Ne2 Bf5 37. Ng3 Be6 38. Nh5 g5 39. g3 gxh4 40. gxh4 f5 41. Nf4 Bd7 42. Nd3+ Kd6 43. Kd4 Be6 44. Ne5 Bg8 45. Ng6 Bf7 46. Nf4 Kc6 47. Ne2 {Threatens to win with Ke5.} Kb5 {White should prevent ...Kb4.} 48. Kc3 Kc5 49. Nd4 Bg6 50. f4 Kd6 (50... Bh7 $1 $11) 51. Kb2 (51. b4 $1 $16 {[%cal Rb4a5]} axb4+ 52. Kxb4) 51... Kc5 {[#]} 52. Ka3 $1 Kb6 53. Ne6 ({Better is} 53. b4 $16) 53... Bf7 54. Ng7 Bg6 55. h5 Bh7 56. Ka4 Ka6 57. Ne8 Bg8 $1 58. Ng7 Bh7 59. Ne6 {Strongly threatening Nc7+.} Bg8 60. Nd4 Bh7 $1 61. Ka3 Kb6 {[#]} 62. Kb2 (62. b4 $1 $16) 62... Kc5 63. Kc3 Kd6 64. b4 axb4+ $1 65. Kxb4 Ke7 66. Kc5 Kf6 67. Nc6 {And now Kd6 would win.} Ke6 68. Ne5 Bg8 69. Kc6 Kf6 $2 {[%mdl 8192]} (69... Bh7 $11) 70. Kd6 Kg7 71. Ke7 Bh7 72. Nf3 {White mates.} Bg8 73. Nd4 Bh7 74. Ne6+ Kg8 75. Kf6 Kh8 76. Nd4 {Precision: White = 77%, Black = 51%.} 1-0

[Event "ARM-ch Rapid 2019"]
[Site "Yerevan"]
[Date "2019.01.22"]
[Round "2.8"]
[White "Harutyunyan, Gor"]
[Black "Shahinyan, David"]
[Result "1-0"]
[WhiteElo "1690"]
[BlackElo "2429"]
[Annotator "TA"]
[PlyCount "93"]
[EventDate "2019.01.22"]
[EventType "tourn"]
[EventCountry "ARM"]

{[%evp 19,93,22,21,-18,-10,-10,-4,-22,-22,-18,-7,-23,-23,-31,-29,-31,-13,-13,-4,-4,-11,-13,0,0,0,0,0,-15,0,0,0,0,0,0,81,81,81,43,81,49,33,33,122,117,183,177,220,162,185,0,0,0,0,0,0,-221,0,0,0,-406,-439,-345,-425,-358,5089,4716,2161,2161,5289,4132,29991,29989,29990,29991,29994,29995]} 1. e4 d6 2. d4 Nf6 3. Nc3 e5 4. dxe5 dxe5 5. Qxd8+ Kxd8 6. Bc4 Be6 7. Bxe6 fxe6 8. Nf3 Bd6 9. Bg5 Ke7 10. O-O-O Nbd7 11. Nb5 {B07: Pirc Defence: Miscellaneous Systems} (11. a3) 11... h6 12. Bxf6+ Nxf6 13. Nxd6 {The position is equal.} (13. Rhe1 {with more complications.} Rhd8 14. c3 g5 15. h3 a6 16. Nxd6 cxd6 17. Nd2) 13... cxd6 14. Rhe1 Rac8 $146 ({Predecessor:} 14... g5 15. Nd2 Ng4 16. Nc4 Rhd8 {½-½ (40) Feng,J (889)-Ciesla,D (1057) LSS email 2008}) 15. c3 b5 16. Kb1 g5 17. h3 Rhf8 18. Re2 Nh5 19. Ne1 Nf4 20. Red2 Rc6 21. f3 a5 22. Nc2 h5 23. Ne3 Rfc8 24. Kc2 h4 25. a4 b4 {[%cal Rb4c3]} 26. c4 Rxc4+ (26... Nh5 $11) 27. Nxc4 $16 Rxc4+ $11 {[%mdl 4096] Endgame KRR-KRN} 28. Kb1 Rc6 29. Rc1 Rxc1+ 30. Kxc1 $14 {KR-KN} b3 (30... Kd7 $14) 31. Rd1 $16 d5 (31... Nxg2 $16 {was necessary.} 32. Rg1 Nf4 33. Rxg5 Nd3+ 34. Kb1 Nf4) 32. Kd2 $18 d4 33. Rg1 $1 Kd6 {[#]} 34. Rc1 $2 (34. g3 $1 $18 {[%cal Rg3f4]} Nxh3 35. Rg2) 34... Nxg2 $11 {And now ...Nf4 would win.} 35. Kd3 Nf4+ 36. Kc4 Nxh3 37. Kb5 $2 {[#]} (37. Kxb3 $11 Nf2 38. Rf1) 37... d3 $2 ({Black should play} 37... Nf2 $1 $19 38. Rf1 g4 39. fxg4 (39. Rxf2 $2 g3 $19) 39... Nxe4 40. Kxa5 h3) 38. Rd1 Nf4 39. Kxa5 $2 {[%mdl 8192]} (39. Kc4 $11 {and White is okay.}) 39... Kc5 $19 40. Ka6 {Strongly threatening a5.} h3 {aiming for ...h2.} 41. a5 {Black must now prevent Kb7.} Kc6 $4 {[%mdl 8192]} (41... h2 $19 42. Kb7 Nh3) 42. Rc1+ $18 Kd6 43. Kb6 h2 44. a6 {White wants to mate with a7.} Ne2 45. Rh1 {White mates.} d2 46. a7 Ng3 47. a8=Q {Precision: White = 65%, Black = 24%.} 1-0

[Event "ARM-ch Rapid 2019"]
[Site "Yerevan"]
[Date "2019.01.22"]
[Round "2.9"]
[White "Mkrtchyan, Sargis R."]
[Black "Baghdasaryan, Vahe"]
[Result "1-0"]
[WhiteElo "2199"]
[BlackElo "2354"]
[PlyCount "41"]
[EventDate "2019.01.22"]
[EventType "tourn"]
[EventCountry "ARM"]
[TimeControl "40/5400+30:1800+30"]
[WhiteClock "0:00:33"]
[BlackClock "0:00:29"]

1. d4 {[%emt 1:15:14]} d5 {[%emt 1:15:13]} 2. Nf3 {[%emt 0:00:32]} Nf6 {[%emt 0:00:21]} 3. c4 {[%emt 0:00:29]} c6 {[%emt 0:00:22]} 4. Qc2 {[%emt 0:00:36]} g6 {[%emt 0:01:24]} 5. Bf4 {[%emt 0:00:39]} Na6 {[%emt 0:02:44]} 6. e3 {[%emt 0:02:33]} Bf5 {[%emt 0:02:48]} 7. Qb3 {[%emt 0:01:20]} Nb4 {[%emt 0:00:22]} 8. Qxb4 {[%emt 0:02:59]} e5 {[%emt 0:00:22]} 9. Qxb7 {[%emt 0:03:41]} Rb8 {[%emt 0:00:26]} 10. Qxa7 {[%emt 0:01:03]} exf4 {[%emt 0:07:24]} 11. Ne5 {[%emt 0:00:31]} Bd7 {[%emt 0:00:30]} 12. cxd5 {[%emt 0:02:53]} cxd5 {[%emt 0:03:03]} 13. Nc3 {[%emt 0:00:42]} fxe3 {[%emt 0:00:51]} 14. fxe3 {[%emt 0:00:53]} Rxb2 {[%emt 0:00:47]} 15. Bd3 {[%emt 0:02:31]} Bb4 {[%emt 0:00:25]} 16. O-O {[%emt 0:00:59]} Be6 {[%emt 0:00:46]} 17. Rxf6 {[%emt 0:00:43]} Qxf6 {[%emt 0:00:26]} 18. Rf1 {[%emt 0:00:23]} Qe7 {[%emt 0:00:27]} 19. Qb8+ {[%emt 0:00:36]} Qd8 {[%emt 0:00:21]} 20. Bb5+ {[%emt 0:00:22]} Ke7 {[%emt 0:00:25]} 21. Nc6+ {[%emt 0:00:22]} 1-0

[Event "ARM-ch Rapid 2019"]
[Site "Yerevan"]
[Date "2019.01.22"]
[Round "2.10"]
[White "Alaverdyan, Gevorg"]
[Black "Vardanian, Haik V."]
[Result "0-1"]
[WhiteElo "2261"]
[BlackElo "2234"]
[PlyCount "138"]
[EventDate "2019.01.22"]
[EventType "tourn"]
[EventCountry "ARM"]
[TimeControl "40/5400+30:1800+30"]
[WhiteClock "0:01:10"]
[BlackClock "0:00:45"]

1. e4 {[%emt 1:15:13]} g6 {[%emt 1:15:13]} 2. d4 {[%emt 0:00:32]} Bg7 {[%emt 0:00:23]} 3. Nf3 {[%emt 0:00:40]} d6 {[%emt 0:00:23]} 4. Nc3 {[%emt 0:00:24]} Bg4 {[%emt 0:00:28]} 5. Bc4 {[%emt 0:00:28]} Bxf3 {[%emt 0:01:20]} 6. Qxf3 {[%emt 0:00:24]} e6 {[%emt 0:00:25]} 7. Be3 {[%emt 0:00:36]} c6 {[%emt 0:00:55]} 8. O-O-O {[%emt 0:01:02]} Nd7 {[%emt 0:00:58]} 9. h4 {[%emt 0:00:32]} h5 {[%emt 0:00:28]} 10. Qh3 {[%emt 0:00:58]} d5 {[%emt 0:00:52]} 11. Bd3 {[%emt 0:01:38]} Qb6 {[%emt 0:02:16]} 12. e5 {[%emt 0:03:13]} Ne7 {[%emt 0:02:21]} 13. g4 {[%emt 0:00:39]} O-O-O {[%emt 0:00:44]} 14. Bg5 {[%emt 0:01:41]} Bh6 {[%emt 0:01:31]} 15. Bxh6 {[%emt 0:02:56]} Rxh6 {[%emt 0:00:22]} 16. Qe3 {[%emt 0:00:27]} Rdh8 {[%emt 0:01:10]} 17. g5 {[%emt 0:00:22]} R6h7 {[%emt 0:00:22]} 18. Rh3 {[%emt 0:00:27]} Kb8 {[%emt 0:00:45]} 19. a3 {[%emt 0:01:00]} Rc8 {[%emt 0:00:36]} 20. Rf3 {[%emt 0:03:39]} Qa5 {[%emt 0:02:29]} 21. Rf4 {[%emt 0:00:33]} Nf8 {[%emt 0:00:37]} 22. Kb1 {[%emt 0:00:31]} Nf5 {[%emt 0:00:41]} 23. Qf3 {[%emt 0:00:59]} Ka8 {[%emt 0:00:49]} 24. Ka2 {[%emt 0:00:35]} Rh8 {[%emt 0:00:44]} 25. b4 {[%emt 0:00:47]} Qb6 {[%emt 0:00:40]} 26. Na4 {[%emt 0:00:27]} Qd8 {[%emt 0:00:59]} 27. c4 {[%emt 0:00:59]} dxc4 {[%emt 0:00:40]} 28. Bxc4 {[%emt 0:00:21]} Nd7 {[%emt 0:00:42]} 29. Nc5 {[%emt 0:00:50]} Nb6 {[%emt 0:00:53]} 30. Bb3 {[%emt 0:01:08]} Qe7 {[%emt 0:00:37]} 31. Re4 {[%emt 0:01:06]} Rhd8 {[%emt 0:00:40]} 32. Kb2 {[%emt 0:00:28]} Nd5 {[%emt 0:00:39]} 33. Qh1 {[%emt 0:00:27]} Rc7 {[%emt 0:01:31]} 34. Qf1 {[%emt 0:00:25]} Nb6 {[%emt 0:00:50]} 35. Qd3 {[%emt 0:00:27]} Rcc8 {[%emt 0:00:39]} 36. Qc2 {[%emt 0:00:23]} Nd5 {[%emt 0:00:29]} 37. Qc4 {[%emt 0:00:25]} Qc7 {[%emt 0:00:27]} 38. Rc1 {[%emt 0:00:26]} Nb6 {[%emt 0:00:36]} 39. Qd3 {[%emt 0:00:21]} Qe7 {[%emt 0:00:46]} 40. Rc2 {[%emt 0:00:26]} Nd5 {[%emt 0:00:32]} 41. Kc1 {[%emt 0:30:21]} Nc7 {[%emt 0:30:23]} 42. Bc4 {[%emt 0:00:25]} Nb5 {[%emt 0:00:46]} 43. Bxb5 {[%emt 0:01:24]} cxb5 {[%emt 0:00:22]} 44. Kb2 {[%emt 0:00:31]} b6 {[%emt 0:00:38]} 45. Nb3 {[%emt 0:00:30]} Rxc2+ {[%emt 0:00:24]} 46. Qxc2 {[%emt 0:00:21]} Kb7 {[%emt 0:00:29]} 47. Re1 {[%emt 0:00:29]} Qd7 {[%emt 0:00:42]} 48. Qd2 {[%emt 0:00:52]} Nxh4 {[%emt 0:00:43]} 49. Rc1 {[%emt 0:00:29]} Nf5 {[%emt 0:00:28]} 50. Qd3 {[%emt 0:00:25]} Rc8 {[%emt 0:00:48]} 51. Rxc8 {[%emt 0:00:29]} Kxc8 {[%emt 0:00:22]} 52. Qc3+ {[%emt 0:00:37]} Kb7 {[%emt 0:00:24]} 53. Qd3 {[%emt 0:00:23]} h4 {[%emt 0:00:29]} 54. Qc3 {[%emt 0:00:32]} Qc6 {[%emt 0:00:31]} 55. Qd3 {[%emt 0:00:21]} Qd5 {[%emt 0:00:40]} 56. Qc3 {[%emt 0:00:24]} Qg2 {[%emt 0:00:25]} 57. Qd3 {[%emt 0:00:35]} Qxf2+ {[%emt 0:00:23]} 58. Kb1 {[%emt 0:00:32]} Qg2 {[%emt 0:00:37]} 59. Qxb5 {[%emt 0:00:27]} Qd5 {[%emt 0:00:35]} 60. Nc5+ {[%emt 0:00:21]} Kc7 {[%emt 0:00:36]} 61. Qa6 {[%emt 0:00:54]} bxc5 {[%emt 0:00:24]} 62. Qxa7+ {[%emt 0:00:21]} Kc8 {[%emt 0:00:28]} 63. dxc5 {[%emt 0:00:27]} Nd4 {[%emt 0:00:39]} 64. Qa6+ {[%emt 0:00:30]} Qb7 {[%emt 0:00:26]} 65. Qd3 {[%emt 0:00:29]} Qh1+ {[%emt 0:00:22]} 66. Kb2 {[%emt 0:00:21]} Qg2+ {[%emt 0:00:24]} 67. Kb1 {[%emt 0:00:21]} Qg1+ {[%emt 0:00:21]} 68. Kb2 {[%emt 0:00:23]} Qf2+ {[%emt 0:00:22]} 69. Kc3 {[%emt 0:00:36]} Qf3 {[%emt 0:00:37]} 0-1

[Event "ARM-ch Rapid 2019"]
[Site "Yerevan"]
[Date "2019.01.22"]
[Round "3.1"]
[White "Hayrapetyan, Artavazd R."]
[Black "Hovhannisyan, Robert"]
[Result "0-1"]
[WhiteElo "2374"]
[BlackElo "2637"]
[Annotator "RC"]
[PlyCount "76"]
[EventDate "2019.01.22"]
[EventType "tourn"]
[EventCountry "ARM"]
[TimeControl "40/5400+30:1800+30"]
[WhiteClock "0:03:11"]
[BlackClock "0:00:40"]

1. d4 {[%emt 1:15:13]} Nf6 {[%emt 1:15:11]} 2. c4 {[%emt 0:01:00]} e6 {[%emt 0:00:21]} 3. Nf3 {[%emt 0:00:41]} Bb4+ {[%emt 0:00:24]} 4. Nbd2 {[%emt 0:00:42]} O-O {[%emt 0:00:23]} 5. g3 {[%emt 0:00:48]} d5 {[%emt 0:00:43]} 6. Qb3 {[%emt 0:00:47]} a5 {[%emt 0:00:59]} 7. Bg2 {[%emt 0:00:41]} dxc4 {[%emt 0:00:28]} 8. Qxc4 {[%emt 0:00:23]} b6 {[%emt 0:00:23]} 9. Qc2 {[%emt 0:01:17]} Bb7 {[%emt 0:01:03]} 10. O-O {[%emt 0:00:24]} c5 {[%emt 0:01:29]} 11. dxc5 {[%emt 0:01:29]} Bxc5 {[%emt 0:00:29]} 12. Nb3 {[%emt 0:00:22]} Nbd7 {[%emt 0:00:49]} 13. Nxc5 {[%emt 0:00:41]} Nxc5 {[%emt 0:00:22]} 14. Rd1 {[%emt 0:00:21]} Qe7 {[%emt 0:00:32]} 15. Bf4 {[%emt 0:01:09]} Be4 {[%emt 0:00:37]} 16. Qc4 {[%emt 0:00:35]} Nd5 {[%emt 0:01:13]} 17. Be5 {[%emt 0:01:31]} Rac8 {[%emt 0:00:57]} 18. Rac1 {[%emt 0:01:24]} Qb7 {[%emt 0:01:13]} 19. Qd4 {[%emt 0:00:28]} Ne7 {[%emt 0:01:05]} 20. Qe3 {[%emt 0:04:06]} f6 {[%emt 0:00:56]} 21. Bd6 {[%emt 0:00:45]} Nf5 {[%emt 0:00:22]} 22. Qa3 {[%emt 0:00:21]} Nxd6 {[%emt 0:00:47]} 23. Rxd6 {[%emt 0:00:21]} Rfd8 {[%emt 0:01:18]} 24. Rxd8+ {[%emt 0:00:31]} Rxd8 {[%emt 0:00:21]} 25. b4 {[%emt 0:00:21]} axb4 {[%emt 0:00:22]} 26. Qxb4 {[%emt 0:00:21]} Qa6 {[%emt 0:00:50]} 27. Qb2 {[%emt 0:01:20]} Na4 {[%emt 0:02:18]} 28. Qb4 {[%emt 0:00:31]} Nc5 {[%emt 0:01:24]} 29. Bf1 {[%emt 0:01:50]} Ba8 {[%emt 0:02:03]} 30. a4 {[%emt 0:01:16]} Rc8 {[%emt 0:01:38]} 31. Bh3 {[%emt 0:00:32]} Qxe2 {[%emt 0:00:47]} 32. Nd4 {[%emt 0:00:25]} Qe4 {[%emt 0:00:30]} 33. Bxe6+ {[%emt 0:00:52]} Kh8 {[%emt 0:00:21]} 34. f3 {[%emt 0:00:21]} Qe3+ {[%emt 0:00:31]} 35. Kg2 {[%emt 0:00:20]} Rd8 {[%emt 0:01:12]} 36. Qxb6 {[%emt 0:02:47]} Nxe6 {[%emt 0:00:38]} 37. Qxe6 {[%emt 0:00:53]} Bxf3+ {[%emt 0:00:27]} 38. Kh3 {[%emt 0:00:31]} Qh6# {[%emt 0:00:23]} 0-1

[Event "ARM-ch Rapid 2019"]
[Site "Yerevan"]
[Date "2019.01.22"]
[Round "3.2"]
[White "Chibukhchian, Artur"]
[Black "Harutyunyan, Gor"]
[Result "1-0"]
[WhiteElo "2384"]
[BlackElo "1690"]
[PlyCount "61"]
[EventDate "2019.01.22"]
[EventType "tourn"]
[EventCountry "ARM"]
[TimeControl "40/5400+30:1800+30"]
[WhiteClock "0:00:24"]
[BlackClock "0:00:26"]

1. d4 {[%emt 1:15:12]} Nf6 {[%emt 1:15:11]} 2. c4 {[%emt 0:00:22]} e5 {[%emt 0:00:22]} 3. dxe5 {[%emt 0:00:23]} Ng4 {[%emt 0:00:21]} 4. Bf4 {[%emt 0:00:22]} Nc6 {[%emt 0:00:22]} 5. Nf3 {[%emt 0:00:28]} Bb4+ {[%emt 0:00:22]} 6. Nbd2 {[%emt 0:00:24]} Qe7 {[%emt 0:00:22]} 7. e3 {[%emt 0:00:22]} Ngxe5 {[%emt 0:00:24]} 8. Nxe5 {[%emt 0:00:24]} Nxe5 {[%emt 0:00:23]} 9. Be2 {[%emt 0:00:22]} d6 {[%emt 0:00:51]} 10. O-O {[%emt 0:00:41]} Bxd2 {[%emt 0:00:23]} 11. Qxd2 {[%emt 0:00:23]} O-O {[%emt 0:00:26]} 12. b4 {[%emt 0:00:37]} b6 {[%emt 0:00:49]} 13. Rac1 {[%emt 0:03:04]} Ng6 {[%emt 0:02:38]} 14. Bg3 {[%emt 0:00:25]} Bb7 {[%emt 0:00:22]} 15. Rfd1 {[%emt 0:04:33]} a5 {[%emt 0:02:13]} 16. c5 {[%emt 0:00:58]} dxc5 {[%emt 0:01:01]} 17. bxc5 {[%emt 0:00:22]} Rad8 {[%emt 0:01:14]} 18. Qb2 {[%emt 0:00:48]} Rxd1+ {[%emt 0:00:46]} 19. Bxd1 {[%emt 0:00:57]} Nh4 {[%emt 0:01:56]} 20. Bxh4 {[%emt 0:04:15]} Qxh4 {[%emt 0:00:22]} 21. cxb6 {[%emt 0:00:38]} Qg5 {[%emt 0:02:25]} 22. f4 {[%emt 0:00:21]} Qe7 {[%emt 0:00:22]} 23. Rxc7 {[%emt 0:03:32]} Qxe3+ {[%emt 0:00:33]} 24. Qf2 {[%emt 0:00:20]} Qe4 {[%emt 0:02:05]} 25. Bc2 {[%emt 0:01:03]} Qd5 {[%emt 0:00:51]} 26. Bb3 {[%emt 0:00:33]} Qe4 {[%emt 0:00:22]} 27. h3 {[%emt 0:00:29]} Bd5 {[%emt 0:05:23]} 28. Bxd5 {[%emt 0:00:24]} Qxd5 {[%emt 0:00:21]} 29. b7 {[%emt 0:01:35]} g6 {[%emt 0:00:59]} 30. Qc5 {[%emt 0:00:26]} Qd1+ {[%emt 0:00:27]} 31. Kh2 {[%emt 0:00:21]} 1-0

[Event "ARM-ch Rapid 2019"]
[Site "Yerevan"]
[Date "2019.01.22"]
[Round "3.3"]
[White "Davtyan, Artur"]
[Black "Babujian, Levon"]
[Result "0-1"]
[WhiteElo "2396"]
[BlackElo "2488"]
[Annotator "TA"]
[PlyCount "76"]
[EventDate "2019.01.22"]
[EventType "tourn"]
[EventCountry "ARM"]

{[%evp 13,76,21,34,24,45,23,31,20,36,26,27,15,18,13,30,9,6,4,26,0,81,42,42,49,50,42,45,0,39,0,0,0,0,0,45,51,33,43,33,-113,62,68,89,93,147,117,85,83,129,-229,-203,-427,-427,-427,-419,-419,-419,-416,-407,-29989,-29989,-29989,-29977,-29976,-29977]} 1. d4 Nf6 2. c4 g6 3. Nc3 d5 4. cxd5 Nxd5 5. e4 Nxc3 6. bxc3 Bg7 7. Be3 O-O 8. Rc1 {D85: Exchange Grünfeld: Unusual White 7th moves and lines with 7 Nf3} (8. Nf3 c5 9. Be2 Qa5 10. O-O Rd8 11. Qb3 Qb6 12. Qa3 Nd7 13. e5 Nf8 14. Rfd1 Qc7 15. Ng5 Ne6 16. Ne4 b6 17. d5 Bb7 18. dxe6 Bxe4 19. exf7+ Kxf7 {1-0 (51) Ponkratov,P (2590)-Dubov,D (2666) St Petersburg 2017}) 8... b6 9. Bd3 c5 $146 ({You set blue moves yourself with the critical opening position annotation.:} 9... Bb7 10. Ne2 Nc6 11. O-O Qd7 12. Qd2 Rad8 13. Rcd1 e5 14. d5 Na5 15. Bh6 c6 16. Bxg7 Kxg7 17. c4 Ba6 18. Qc3 Qe7 19. c5 Bxd3 20. d6 Qe6 21. Nf4 {½-½ (58) Kantorik,M (2270)-Konopka,M (2440) Slovakia 1995}) 10. Ne2 {White is slightly better.} Ba6 11. Bxa6 Nxa6 12. O-O Qd7 13. Qb3 Rac8 14. a4 Rfd8 15. f3 e5 {[%cal Rc5d4]} 16. dxe5 Qd3 (16... Bxe5 $11 {keeps the balance.} 17. Rfd1 c4 18. Rxd7 cxb3 19. Rxd8+ Rxd8) 17. Kf2 c4 $1 {[%cal Rc4b3]} 18. Qb5 Nc7 19. Qb2 {Threatens to win with &Wd4.} Qd7 $1 ({Not} 19... Bxe5 $2 20. Bd4 $18) 20. f4 Qxa4 21. Ra1 Qc6 22. Qc2 Rd3 23. Nc1 Qxe4 {[%csl Gd3][%cal Re4e3]} 24. Nxd3 cxd3 25. Qa4 $36 {[%mdl 2048] Black is under pressure.} Qf5 {Black wants to play ...&Le5.} 26. Qxa7 (26. Qc4 $14 {stays ahead.}) 26... Nd5 $2 (26... Bxe5 $1 $17 {aiming for ...&Wd5.} 27. Kg1 Bxc3) 27. Qb7 $14 Nxe3 28. Kxe3 {&Va8 is the strong threat.} Bf8 ({Black should try} 28... Rxc3 29. Ra8+ Bf8) 29. Ra8 Rxc3 {[#] White must now prevent ...d2!} 30. Kd4 $1 {[%cal Rd4c3]} Rc2 {[#]} 31. Qxb6 $2 {[%mdl 8192]} (31. Qb8 $1 $16 {[%csl Ga8][%cal Rb8f8] is necessary to keep the advantage.} Qd7+ 32. Qd6 Qxd6+ 33. exd6) 31... d2 $19 32. g3 $2 (32. Rxf8+ Kxf8 33. Qd8+ Kg7 34. Qf6+ Qxf6 35. exf6+ Kxf6 36. Rd1) 32... Rc1 33. Rd1 {And now &Bd8! would win.} Qd7+ (33... Rxd1 $2 34. Qd8 $19) 34. Qd6 Qxd6+ 35. exd6 Rxd1 36. d7 (36. Ke3 $19 Re1+ 37. Kxd2) 36... Re1 {Black mates.} 37. Rxf8+ Kxf8 38. d8=Q+ Kg7 {NOTEXT-4805: Tournament = 30%, Annotator = 43%.} 0-1